000 01366nam0a22004211 4500
001 RU\NLR\A1SV\47245
005 20260128171459.0
035 _a(NLR Aleph) 009729329
090 _a9903060
_c9903060
100 _a20030918d1925 u y0rusy50 ca
101 0 _arus
102 _aRU
200 1 _aИ.Е.Репин
_f[Ст. А.П.Иванова]
_gРус. музей. Худ. отд.
210 _aЛ.
_cГос. тип. им. Ивана Федорова
_d1925
215 _a64 с.
_cил., портр.
_d22 см
300 _aПеред текстом загл.: Творчество Репина
514 1 _aТворчество Репина
517 9 _aРепин
600 1 _aРепин
_bИ.Е.
_f1844-1930
_gИлья Ефимович
620 _dСанкт-Петербург
700 1 _7ca
_8rus
_aИванов
_bА. П.
_cискусствовед, писатель
_f1876-1933
_gАлександр Павлович
_9226697
_3RU\NLR\AUTH\770226753
801 0 _aRU
_bNLR
_c20030918
852 _aNLR
_j17.153.7.226а
852 _aNLR
_j17.153.7.226
899 _aSLK
899 _aГПИБ
899 _aРГБ
899 _aКирОУНБ
899 _aAPL
899 _aНБ ТГУ
899 _aСОУБ
899 _aНБУВ
899 _aГРМ
899 _aСПбГУ
942 _cBOOK
980 _aNB
980 _aA1SV